000 00667cam a2200229 a 4500
001 25275
003 BD-RjUL
005 20211209050845.0
008 140216s1962 vrab 00110 eng d
035 _a(BD-RjUL)25344
040 _aANL
_beng
_cANL
_dBD-RjUL
041 _aeng
082 0 4 _a956
_219
_bBEA 1962
100 1 0 _aBerger, Morroe.
_977736
245 1 4 _aThe Arab world today /
_cMorroe Berger.
260 0 _aLondon :
_bWeidenfeld,
_cc1962.
300 _a480 p. :
_bill. ;
_c21 cm.
504 _aIncludes index.
651 0 _aArab countries
_xEconomic conditions.
_99017
651 0 _aArab countries
_xPolitics and government
_y1945-
_977737
942 _2ddc
_cBK
999 _c25275
_d25275